The mathematics of diffusion /

Guardado en:
Autor Principal: Crank, John.
Formato: Libro
Idioma:English
Publicado: Oxford : Clarendon Press, 1975.
Edición:2nd ed.
Materias:
Etiquetas: Agregar Etiqueta
Sin Etiquetas, Sea el primero en etiquetar este registro!
LEADER 00695nam a2200229 a 4500
001 MAT.inmabb002596
008 750718s1975####enka#####b####001#0#eng##
005 20170512172941.0
245 1 4 |a The mathematics of diffusion /  |c by J. Crank. 
250 |a 2nd ed. 
260 |a Oxford :  |b Clarendon Press,  |c 1975. 
300 |a viii, 414 p. :  |b il. ;  |c 24 cm. 
504 |a Incluye referencias bibliográficas (p. [399]-406) e índices. 
510 4 |a MR,  |c 50 #12004 
020 |a 0198534116 (paperback) 
020 |a 0198533446 
100 1 |a Crank, John. 
650 0 |a Diffusion. 
084 |a 80.35 (80.65)  |2 MR 
010 |a  75318921  
040 |a DLC  |c DLC  |d DLC 
859 |h 80  |i C891-2  |p A-5022  |b BIB. MATEMATICA